Biggest Indian Cities A-Z - Statistics

General Stats
  • This quiz has been taken 39 times
  • The average score is 13 of 26
Answer Stats
Letter Population City % Correct
D 11,034,555 Delhi
97%
M 12,442,373 Mumbai
97%
B 8,495,492 Bangalore
94%
K 4,496,694 Kolkata
94%
H 6,993,262 Hyderabad
92%
C 4,646,732 Chennai
89%
P 3,124,458 Pune
89%
J 3,046,163 Jaipur
83%
L 2,817,105 Lucknow
78%
N 2,405,665 Nagpur
72%
S 4,501,610 Surat
67%
A 5,633,927 Ahmedabad
64%
I 1,994,397 Indore
61%
V 1,752,371 Vadodara
50%
R 1,323,363 Rajkot
39%
F 1,414,050 Faridabad
36%
G 1,648,643 Ghaziabad
25%
T 1,841,488 Thane
14%
W 704,570 Warangal
11%
Y 217,071 Yamunanagar
6%
U 515,215 Ujjain
3%
E 256,838 Etawah
0%
O 300,104 Ozhukarai
0%
Q 71,873 Quilandy
0%
X 7,434 Xeldem
0%
Z 71,166 Zahirabad
0%
No matching quizzes found
Score Distribution
Percent of People with Each Score
Percentile by Number Answered
Your Score History
You have not taken this quiz